Zrušenie rozhodnutí o amnestii ústavným zákonom

Podrobná bibliografia
Hlavný autor: Balog, B. (Autor)
Médium: Článok
Jazyk:slovenčina

MARC

LEADER 00000nab a2200000uu 4500
001 vtls011499237
003 SK-MaSNL
005 20260303155049.0
008 230222|2012 xo |||||||||||||||||slo|
015 |a SNBRB 
035 |a (urnnbn)urn:nbn:sk:snk:ar-a0a9zl 
035 |a (uuid)3f71220e-8c97-4d7a-bbf0-a7ec0b7e32b4 
035 |a urn:nbn:sk:snk-abdu3e 
040 |a SNKBUCL  |b slo  |c SNKBUCL  |e AACR2 
041 0 |a slo 
044 |a xo  |c SK 
100 1 |a Balog, B.  |4 aut  |9 1178291 
245 1 0 |a Zrušenie rozhodnutí o amnestii ústavným zákonom  |c B. Balog 
773 0 |t Právny obzor : teoretický časopis pre otázky štátu a práva  |g Roč. 95, č. 4 (2012), s. 318-340 
954 |a odborná, vedecká literatúra pôvodná (slovenská)  |2 lita 
958 |a OND 
958 |a EUIPO 
958 |a article20 
999 |c 2038451  |d 2040381